1058 1911 1839 1021 1698 1101 1691 1856 1687 1847 1119 1862 1555 1707 1175 1975 1771 1062 1194 1808 1494 1990 1357 1765 1343 1311 1817 1555 1683 1354 1109 1092 1213 1489 1238 1299 1205 1916 1134 1607 1292 1941 1091 1479 1758 1633 1161 1748 1880 1781 1533 1850 1369 1302 1445 1982 1828 1846 1418 1694 1157 1043 1052 1692 1028 1049 1554 1300 1664 1426 1511 1847 1330 1259 1017 1925 1280 1493 1759 1264 1658 1348 1212 1134 1250 1985 1969 1100 1524 1047 1312 1715 1939 1926 1393 1485 1502 1262 1481 BCNSPRNW ULIB Ver.6.0+V

เปลี่ยนเป็นภาษาไทย

Change to English
 แสดงรายละเอียดบรรณานุกรม
  กลับหน้าหลัก

Brief Record : Get Marc (ISO 2709) : E-mail record : QR code < ปิดหน้าต่าง
LEADER : 00000nam 2200000uu 4500
001    13399123171
003     ULIB
008    200557s2551||||th 000 0 tha d
020    ^a9789740642909
090    ^aนว.^bด111ห
100 0  ^aเด็กญี่ปุ่น
245 00 ^aหัวใจหยุดพักเติมรักให้เต็มร้อย/^cเด็กญี่ปุ่น
250    ^aพิมพ์ครั้งที่ 1
260    ^aกรุงเทพฯ :^bนกฮูก,^c2551
300    ^a207หน้า
710 1  ^aนกฮูก
945    ^p169^l0^i20319
995    ^aทศพร
999    ^aทศพร เกษรทอง
รายการนี้ยังไม่มีแท็ก
คุณยังไม่ได้ล็อกอิน คุณสามารถมีกิจกรรมร่วมกับเว็บไซต์ได้ แต่ต้องล็อกอินก่อน ::
  ล็อกอิน

รายการสื่อสารสนเทศ

ลำดับที่ ประเภท เลขเรียก/บาร์โค้ด สถานที่ สถานะ
1. นวนิยาย
นวนิยาย
นว. ด111ห ฉ.1 
  Barcode: 20319
ห้องสมุดวิทยาเขตนครสวรรค์
►นวนิยาย:l:Fiction
บนชั้น

BibComment


ยังไม่เคยถูกคอมเมนท์

คอมเมนท์ทรัพยากรรายการนี้
  คอมเมนท์: หัวใจหยุดพักเติม..


 Copyright 2026. Bcnsprnw @Library